000 00344 a2200157 4500
001 74587
020 _a978140507616-6
040 _cAnchieta - Colégio São Paulo
100 _aBell, Florence
240 1 0 _aJane Eyre
_lpor
245 1 0 _aJane Eyre
300 _a71
362 0 _a2011
650 4 _aLiteratura juvenil em inglês
942 _cBK
999 _c74587
_d74587